000 00835nam a22002297a 4500
005 20240530110917.0
008 220221s2008 ua c g b 000 0 ara d
017 _bمصر. دار الكتب
_a2007/25923
020 _a9773132099
040 _aEG-CaGPL
_cEG-CaGPL
082 0 4 _221
_a331.137 /
_bا ب
100 0 _aاحمد طاهر
245 1 2 _aالبطالة المشكلة والحل /
_cاحمد طاهر ، احمد السعودى
250 _aط.1
260 _aالقاهرة :
_bمركز المحروسة للنشر والخدمات الصحفية والمعلومات،
_c2008
300 _a204 ص؛
_c24 سم
650 0 7 _aالبطالة
_2qrmak
650 0 7 _aالبطالة
_zمصر
700 0 _aاحمد السعودى
_eمؤلف مشارك
942 _2ddc
_cBK
999 _c66406
_d66406